| 000 | 03817cam a22006734i 4500 | ||
|---|---|---|---|
| 003 | PE-LiUPU | ||
| 005 | 20250731180117.0 | ||
| 008 | 190311s2017 mx a rb 001 0 spa d | ||
| 020 | _a6074486220 | ||
| 020 | _a9786074486223 | ||
| 035 | _a(Sirsi) a251933 | ||
| 040 |
_aPE-LiUPU _bspa _cPE-LiUPU _erda |
||
| 049 | _aPRUA | ||
| 082 | 0 | 4 |
_a519.23 _bG71 _220 |
| 100 | 1 |
_aGonzález Betanzos, Fabiola, _eautor. |
|
| 245 | 1 | 0 |
_aEstadística aplicada en Psicología y Ciencias de la Salud / _c[coordinadores y autores]Fabiola González Betanzos, María del Consuelo Escoto Ponce de León, Joanna Koral Chávez López ;Erika Álvarez Álvarez [y otros veintinueve colaboradores]. |
| 250 | _a1a edición. | ||
| 264 | 1 |
_aMéxico : _bManual Moderno, _c2017. |
|
| 300 |
_axiv, 417 páginas : _bilustraciones ; _c26 centímetros |
||
| 336 |
_atext _2rdacontent |
||
| 337 |
_aunmediated _2rdamedia |
||
| 338 |
_avolume _2rdacarrier |
||
| 504 | _aBibliografía al final de cada capítulo. | ||
| 504 | _aÍndice: páginas 405-417. | ||
| 505 | 0 | _aIntroducción a la estadística -- Conceptos iniciales -- Análisis descriptivo de una variable cuantitativa -- Introducción a ala inferencia estadística -- Relación entre variables: dos cuantitativas (correlación de Person) -- Relación entre variables: una cualitativa categórica y una cuantitativa(correlación de Spearman) -- Relación entre variables: dos variables cualitativas (x^2 de Person) -- Pruebas de diferencia sobre una variable cuantitativa (prueba t student para muestras independientes o relacionadas) -- Pruebas de diferencia sobre una variable categórica ordinal (rangos con signo de Wilcoxon para muestras relacionadas, U de Mann-Whitney para dos grupos independientes, Krusskall-Wallis y el ANOVA de Friedman) -- Prueba de diferencia sobre una variable categórica nominal (prueba binomial del signo) -- Pruebas de diferencia sobre una variable cuantitativa (prueba F de un factor con medidas repetidas) -- Análisis de regresión lineal (regresión lineal simple). | |
| 526 | _aSEG44 | ||
| 526 | _aSEG26 | ||
| 526 | _aP159 | ||
| 526 | _aP155 | ||
| 526 | _aP154 | ||
| 526 | _aP153 | ||
| 526 | _aP150 | ||
| 526 | _aP100 | ||
| 526 | _aP31 | ||
| 526 | _aP30 | ||
| 526 | _aP26 | ||
| 526 | _aP25 | ||
| 526 | _aP24 | ||
| 526 | _aP22 | ||
| 526 | _aP15 | ||
| 526 | _aP10 | ||
| 541 | _gF002-00000789; | ||
| 541 | _gF002-0001663; | ||
| 650 | 0 | 7 |
_aProbabilidades _vProblemas, ejercicios, etc. _2lemb |
| 650 | 0 | 4 |
_aVariables (Matemáticas) _vProblemas, ejercicios, etc. _2lemb |
| 650 | 4 |
_aEstadística en psicología _vProblemas, ejercicios, etc. _2lemb |
|
| 650 | 0 | 4 |
_aEstadística en medicina _vProblemas, ejercicios, etc. _2lemb |
| 700 | 1 |
_aEscoto Ponce de León, María del Consuelo, _eautor. |
|
| 700 | 1 |
_aChávez López, Joanna Koral, _eautor. |
|
| 700 | 1 |
_aÁlvarez Álvarez, Erika, _ecolaboradora. |
|
| 910 |
_adbm _bsag _csag _d20190311 |
||
| 910 |
_adbm _bjpc _cjpc _d20191021 |
||
| 942 |
_2ddc _cBOOK |
||
| 994 |
_aC0 _bPEPRU |
||
| 596 | _a1 | ||
| 999 |
_a519.23 G71 _wLC _c31195 _i79982 _f2021-11-3 _g2 _lCCODEBUL1 _mBUL _p30.22 _r0 _sY _tBOOK _u2019-3-11 _xSALUD _zP33 _0COMPRA _1FCOMPR2 _o.STAFF. Colección Ciencias de la Salud _d31195 |
||
| 999 |
_a519.23 G71 _wLC _c2 _i79983 _d2019-7-18 _e2019-7-17 _f2021-11-3 _g2 _lCCODEBUL1 _mBUL _n1 _p30.22 _r0 _sY _tBOOK _u2019-3-11 _xSALUD _zP33 _0COMPRA _1FCOMPR2 _o.STAFF. Colección Ciencias de la Salud |
||
| 999 |
_a519.23 G71 _wLC _c3 _i80719 _f2021-11-8 _g3 _lCCODEBUL1 _mBUL _p28.00 _r0 _sY _tBOOK _u2019-10-21 _xEDUCACION _zP59 _0COMPRA _1FCOMPR4 _o.STAFF. Colección Ciencias Humanas y Educación |
||
| 980 |
_81 _gALBERTO SANCHEZ Responsable de Automatización |
||